000 00537nam a2200217Ia 4500
008 101110s9999 xx 000 0 und d
041 _aMARATHI
082 _bJR5523
100 _aSawant Prakash
245 _aParyavaran shikshan [Std-XII]
260 _c2007
_bPhadke Prakashan, Kolhapur
300 _a194
365 _b48
520 _aGeography
546 _aMARATHI
630 _aParyavaran shikshan [Std-XII]
650 _aGeography
655 _aGeography
730 _aParyavaran shikshan [Std-XII]
942 _cBOOK
999 _c796318
_d796315